Statistics for Balkan Countries by Area

Click here to take the quiz!

General Stats

  • This quiz has been taken 345 times
    (244 since last reset)
  • The average score is 10 of 12

Answer Stats

Area (km2)Country% Correct
238.391Romania
98%
131.990Greece
96%
110.879Bulgaria
95%
51.209Bosnia and Herzegovina
93%
56.594Croatia
93%
88.361Serbia
93%
28.748Albania
89%
13.812Montenegro
80%
10.887Kosovo
79%
20.273Slovenia
75%
25.713North Macedonia
68%
23.764European Turkey
56%

Score Distribution

Percentile by Number Answered

Percent of People with Each Score

Your Score History

You have not taken this quiz since the last reset